[Event "Barbera del Valles"]
[Site "XXXI Open del Valles"]
[Date "2008.07.11"]
[Round "7"]
[White "Matnadze, Ana"]
[Black "Corrales Jimenez, Fidel"]
[Result "0-1"]
[WhiteElo "2411"]
[BlackElo "2504"]
[PlyCount "142"]
[EventDate "2008.07.??"]
[EventType "swiss"]
[EventRounds "9"]
[EventCountry "ESP"]
[SourceDate "2008.07.04"]

1. d4 Nf6 2. c4 e6 3. g3 c5 4. e3 d5 5. Bg2 cxd4 6. exd4 dxc4 7. Nc3 Nc6 8.
Nge2 Bb4 9. O-O O-O 10. Qa4 Qa5 11. Qc2 Bxc3 12. bxc3 Ne7 13. a4 Ned5 14. Ba3
Re8 15. Rfb1 Qc7 16. h3 Bd7 17. Bc1 b6 18. g4 Rab8 19. Bg5 Bc6 20. Bh4 Rbc8 21.
a5 b5 22. a6 Qd7 23. Ra5 Rb8 24. Bg3 Rb6 25. g5 Nh5 26. Be5 f6 27. gxf6 gxf6
28. Bf3 Ne3 29. Bxc6 Qg7+ 30. Kh2 Nxc2 31. Bxe8 b4 32. Rc5 fxe5 33. Bxh5 Qf8
34. Rg1+ Kh8 35. cxb4 Nxd4 36. Nxd4 exd4 37. Bf7 Rxb4 38. Rg8+ Qxg8 39. Bxg8
Kxg8 40. Kg3 d3 41. Kf3 Ra4 42. Ke3 Rxa6 43. Rxc4 Rd6 44. Kd2 Rd7 45. Rc6 Kf7
46. f3 Kf6 47. Rc5 e5 48. Rc4 Kf5 49. Ra4 h5 50. Rb4 a5 51. Rh4 Kg5 52. Re4 Rd5
53. Ra4 Kf6 54. Rh4 Kg6 55. Re4 Kf5 56. Rh4 Kg5 57. Re4 Kf6 58. Rh4 Rd4 59.
Rxh5 a4 60. Rh8 Kg5 61. Rf8 a3 62. Ra8 Kf4 63. Rf8+ Kg3 64. h4 Ra4 65. Rg8+
Kxf3 66. Rg1 a2 67. Ra1 e4 68. h5 Ra3 69. h6 e3+ 70. Kc1 Ra6 71. h7 Rh6 0-1

[Event "Barbera del Valles"]
[Site "XXXI Open del Valles"]
[Date "2008.07.11"]
[Round "7"]
[White "Narciso Dublan, Marc"]
[Black "Barsov, Alexei"]
[Result "1/2-1/2"]
[WhiteElo "2525"]
[BlackElo "2481"]
[PlyCount "31"]
[EventDate "2008.07.??"]
[EventType "swiss"]
[EventRounds "9"]
[EventCountry "ESP"]
[SourceDate "2008.07.04"]

1. d4 d5 2. c4 e6 3. Nc3 c6 4. e4 dxe4 5. Nxe4 Bb4+ 6. Bd2 Qxd4 7. Bxb4 Qxe4+
8. Ne2 Na6 9. Bf8 Ne7 10. Bxg7 Rg8 11. Qd4 Qxd4 $11 12. Bxd4 c5 13. Bc3 Nb4 14.
Bxb4 cxb4 15. Ng3 Bd7 16. Bd3 1/2-1/2

[Event "Barbera del Valles"]
[Site "XXXI Open del Valles"]
[Date "2008.07.11"]
[Round "7"]
[White "Fluvia Poyatos, Jordi"]
[Black "Ipatov, Alexander"]
[Result "1/2-1/2"]
[WhiteElo "2500"]
[BlackElo "2433"]
[PlyCount "81"]
[EventDate "2008.07.??"]
[EventType "swiss"]
[EventRounds "9"]
[EventCountry "ESP"]
[SourceDate "2008.07.04"]

1. e4 e5 2. Nf3 Nf6 3. Nc3 Nc6 4. d4 exd4 5. Nxd4 Bb4 6. Nxc6 bxc6 7. Bd3 d5 8.
exd5 cxd5 9. O-O O-O 10. Bg5 c6 11. Qf3 Rb8 12. Bxf6 Qxf6 13. Qxf6 gxf6 14. Ne2
Be6 15. Ng3 c5 16. c3 Ba5 17. Rab1 Rb7 18. Ne2 Rfb8 19. b3 Bc7 20. Rbc1 a5 21.
c4 d4 22. Be4 Rb6 23. Rc2 f5 24. Bd3 a4 25. Nc1 Bf4 26. bxa4 Bxc1 27. Rfxc1 Ra6
28. Re2 Rxa4 29. Re5 Ra3 30. Bf1 Ra5 31. Bd3 Kg7 32. f4 Kf6 33. Rc2 Rba8 34.
Ree2 Ra3 35. Red2 Rb8 36. Kf2 Rb4 37. Rc1 Bd7 38. Re1 Be6 39. Rc1 Rba4 40. Rcc2
Rb4 41. Rc1 {3 x same position} 1/2-1/2

[Event "Barbera del Valles"]
[Site "XXXI Open del Valles"]
[Date "2008.07.11"]
[Round "7"]
[White "Pap, Misa"]
[Black "Tsatsalashvili, Keti"]
[Result "1-0"]
[WhiteElo "2495"]
[BlackElo "2271"]
[PlyCount "157"]
[EventDate "2008.07.??"]
[EventType "swiss"]
[EventRounds "9"]
[EventCountry "ESP"]
[SourceDate "2008.07.04"]

1. e4 c6 2. d4 d5 3. Nd2 dxe4 4. Nxe4 Bf5 5. Ng3 Bg6 6. h4 h6 7. Nf3 Nd7 8. h5
Bh7 9. Bd3 Bxd3 10. Qxd3 e6 11. Bd2 Ngf6 12. O-O-O Be7 13. Kb1 O-O 14. Ne4 Nxe4
15. Qxe4 Nf6 16. Qe2 Qd5 17. Ne5 Qe4 18. Qxe4 Nxe4 19. Be1 Rfd8 20. f3 Nf6 21.
g4 Bd6 22. Bh4 c5 23. Nc4 Be7 24. dxc5 Bxc5 25. Na5 Rxd1+ 26. Rxd1 b5 27. Bxf6
gxf6 28. Rd7 a6 29. c3 Kf8 30. Nb7 Be7 31. Rc7 Bd8 32. Rd7 Bb6 33. Rd6 Bf2 34.
Rd2 Bb6 35. Rd6 Bf2 36. Rc6 Ke8 37. Nc5 Bxc5 38. Rxc5 Kd7 39. a4 bxa4 40. Ra5
Rc8 41. Rxa4 Rc6 42. Kc2 e5 43. Kd3 Ke6 44. Ke4 Rb6 45. b3 Rxb3 46. Rxa6+ Ke7
47. Ra7+ Ke6 48. Ra6+ Ke7 49. Rc6 Rb1 50. Rc7+ Ke6 51. Rc6+ Ke7 52. Rc8 Re1+
53. Kd3 Rd1+ 54. Ke2 Rc1 55. Rc6 f5 56. gxf5 Kd7 57. Rxh6 Rxc3 58. Ra6 Rc2+ 59.
Ke3 Rh2 60. Ke4 Rxh5 $11 61. Kxe5 Rh3 62. Ra7+ Ke8 63. Ra8+ Ke7 64. f6+ Kd7 65.
Ra7+ Kc6 66. Rxf7 Rxf3 67. Ra7 Kb6 68. Rd7 Kc6 69. Rd1 Rf2 70. Ke6 Kc7 71. f7
Re2+ 72. Kf6 Rf2+ 73. Ke7 Re2+ 74. Kf8 Rg2 75. Rd4 Rg1 76. Ke7 Re1+ 77. Kf6
Rf1+ 78. Ke6 Rf2 79. Rd5 1-0

[Event "Barbera del Valles"]
[Site "XXXI Open del Valles"]
[Date "2008.07.11"]
[Round "7"]
[White "Czakon, Jakub"]
[Black "Lasinskas, Povilas"]
[Result "1-0"]
[WhiteElo "2510"]
[BlackElo "2269"]
[PlyCount "75"]
[EventDate "2008.07.??"]
[EventType "swiss"]
[EventRounds "9"]
[EventCountry "ESP"]
[SourceDate "2008.07.04"]

1. d4 Nf6 2. c4 e6 3. Nf3 Bb4+ 4. Bd2 a5 5. Nc3 b6 6. Bg5 Bb7 7. e3 h6 8. Bh4
g5 9. Bg3 Ne4 10. Qc2 d6 11. Bd3 f5 12. O-O Bxc3 13. bxc3 Qf6 14. Nd2 Nxd2 15.
Qxd2 O-O 16. f3 Nd7 17. e4 f4 18. Bf2 e5 19. c5 dxc5 20. dxc5 Nxc5 21. Bxc5
bxc5 22. Bc4+ Kh8 23. Qd7 Bc6 24. Qxc7 Rfc8 25. Qb6 g4 26. Rab1 gxf3 27. gxf3
Qg6+ 28. Kf2 Qh5 29. Rg1 Qxh2+ 30. Rg2 Qh4+ 31. Kg1 Qf6 32. Kh1 Qd6 33. Rbg1
Rcb8 34. Rd2 Qf6 35. Qxc5 Rd8 36. Rh2 Rac8 37. Qxe5 Rf8 38. Rxh6# 1-0

[Event "Barbera del Valles"]
[Site "XXXI Open del Valles"]
[Date "2008.07.11"]
[Round "7"]
[White "Capellades Subirana, Marc"]
[Black "Rojas, Luis"]
[Result "0-1"]
[WhiteElo "2265"]
[BlackElo "2406"]
[PlyCount "124"]
[EventDate "2008.07.??"]
[EventType "swiss"]
[EventRounds "9"]
[EventCountry "ESP"]
[SourceDate "2008.07.04"]

1. e4 c5 2. Nf3 d6 3. d4 cxd4 4. Nxd4 Nf6 5. Nc3 g6 6. Be2 Bg7 7. Be3 Nc6 8.
Nxc6 bxc6 9. O-O O-O 10. f4 Rb8 11. Rb1 Qa5 12. g4 Nd7 13. Bd2 Qc5+ 14. Kg2 e5
15. f5 d5 16. Bd3 gxf5 17. gxf5 Kh8 18. Rf3 Rg8 19. Rg3 d4 20. Ne2 Qe7 21. Ng1
Nf6 22. Kh1 c5 23. Qe2 Bb7 24. Bg5 c4 25. Bxf6 Qxf6 26. Bxc4 Qxf5 27. Bd3 Bh6
28. Qf3 Qe6 29. b3 Rxg3 30. hxg3 f5 31. Kh2 fxe4 32. Bxe4 Rf8 33. Qg2 Be3 34.
Nh3 Bxe4 35. Qxe4 Qf5 36. Qxf5 Rxf5 37. Kg2 e4 38. Re1 Kg7 39. Re2 Ra5 40. a4
Kf6 41. c3 Ke5 42. cxd4+ Kxd4 43. Rc2 Rc5 44. Rxc5 Kxc5 45. Kf1 Kb4 46. Ke2 Bh6
47. Nf2 e3 48. Ng4 Bg5 49. Ne5 Kxb3 50. a5 Ka4 51. Nc6 a6 52. Kd3 Kb5 53. Nd4+
Kxa5 54. Kc4 Kb6 55. Ne2 a5 56. Nc3 Kc6 57. Kd3 h6 58. Kc4 Kd6 59. Kb5 Bd8 60.
Kc4 Ke5 61. Kd3 Bb6 62. Nd1 Bd4 0-1

[Event "Barbera del Valles"]
[Site "XXXI Open del Valles"]
[Date "2008.07.11"]
[Round "7"]
[White "Perpinya Rofes, Lluis Maria"]
[Black "Debray, Tristan"]
[Result "1/2-1/2"]
[WhiteElo "2385"]
[BlackElo "2145"]
[PlyCount "161"]
[EventDate "2008.07.??"]
[EventType "swiss"]
[EventRounds "9"]
[EventCountry "ESP"]
[SourceDate "2008.07.04"]

1. e4 Nf6 2. e5 Nd5 3. d4 d6 4. Nf3 Bg4 5. Be2 e6 6. h3 Bh5 7. c4 Nb6 8. exd6
cxd6 9. Nc3 Be7 10. d5 O-O 11. dxe6 fxe6 12. Nd4 Bf7 13. O-O Nc6 14. Be3 e5 15.
Nxc6 bxc6 16. c5 dxc5 17. Ne4 Qxd1 18. Rfxd1 c4 19. Rac1 Rfd8 20. a3 Rxd1+ 21.
Rxd1 Rd8 22. Rc1 Rb8 $11 23. Rc2 a5 24. Nd2 Bg6 25. Rc1 Nd5 26. Nxc4 Nxe3 27.
fxe3 e4 28. Rc2 Bc5 29. Kf2 a4 30. Ne5 Rf8+ 31. Ke1 Bxe3 32. Bc4+ Kh8 33. Re2
Bg5 34. Nxg6+ hxg6 35. Rxe4 Rb8 36. Bf7 Kh7 37. Rg4 Bf6 38. Bxg6+ Kh6 39. Be4
c5 40. Bc6 Rxb2 41. Rxa4 Ra2 42. Bd5 Ra1+ 43. Ke2 Bb2 44. Ra6+ Kg5 45. a4 Kf4
46. Kd3 Ke5 47. Bb3 Rc1 48. Bc2 g5 49. Rg6 Kf4 50. g3+ Kxg3 51. Rxg5+ Kxh3 52.
Rxc5 Ra1 53. Kc4 Kg4 54. Kb5 Kf4 55. a5 Bd4 56. Rf5+ Ke3 57. a6 Rc1 58. Bb3 Ke4
59. Rh5 Rc7 60. Bd5+ Kf4 61. Bb7 Ba7 62. Rh8 Ke5 63. Ra8 Bd4 64. Bc6 Ke6 65.
Re8+ Kf6 66. Bg2 Rc5+ 67. Kb4 Rc7 68. Bd5 Ba7 69. Ka4 Bd4 70. Bb7 Kf7 71. Ra8
Rc4+ 72. Kb5 Rc5+ 73. Kb4 Rc7 74. Bd5+ Ke7 75. Rg8 Kd6 76. Bc4 Ba7 77. Rg6+ Ke7
78. Kc3 Kd8 79. Rg8+ Kd7 80. Kd3 Kd6 81. Rg6+ 1/2-1/2

[Event "Barbera del Valles"]
[Site "XXXI Open del Valles"]
[Date "2008.07.11"]
[Round "7"]
[White "Vilela, Jose Luis"]
[Black "Hernandez Casillas, Joan Josep"]
[Result "1/2-1/2"]
[WhiteElo "2347"]
[BlackElo "2150"]
[PlyCount "108"]
[EventDate "2008.07.??"]
[EventType "swiss"]
[EventRounds "9"]
[EventCountry "ESP"]
[SourceDate "2008.07.04"]

1. d4 d5 2. c4 e6 3. Nc3 Be7 4. Nf3 Nf6 5. Bg5 O-O 6. e3 Nbd7 7. Rc1 c6 8. Bd3
Re8 9. O-O b6 10. cxd5 exd5 11. Qc2 Bb7 12. Ne5 h6 13. Bf4 Nxe5 14. Bxe5 Bd6
15. Bxd6 Qxd6 16. h3 Re7 17. a3 Rae8 18. b4 Ne4 19. Nxe4 dxe4 20. Bc4 Kh8 21.
b5 c5 22. dxc5 Qxc5 23. Qb3 Qf5 24. Rfd1 Qg6 25. Bf1 Qg5 26. Rd6 Bc8 27. Qd5
Qxd5 28. Rxd5 Be6 29. Rd6 g6 30. Rd4 f5 31. a4 Kg7 32. a5 bxa5 33. Ra4 Rb8 34.
Rxa5 Rd7 35. Rca1 Rbb7 36. Ra6 Bf7 37. h4 h5 38. Kh2 Be8 39. Kg3 Kh6 40. Kf4
Rdc7 41. R1a2 Bxb5 42. Bxb5 Rxb5 43. Rxa7 Rxa7 44. Rxa7 Rb2 45. Kg3 Rb3 46. Ra2
Rc3 47. Kf4 Rc5 48. Rd2 Rc4 49. Ke5 Rc5+ 50. Ke6 Rc6+ 51. Rd6 Rc2 52. Kf7 Rc7+
53. Kf6 Rc2 54. Kf7 Rc7+ 1/2-1/2

[Event "Barbera del Valles"]
[Site "XXXI Open del Valles"]
[Date "2008.07.11"]
[Round "7"]
[White "Douriet, Alexis"]
[Black "Ravot, Sylvain"]
[Result "0-1"]
[WhiteElo "2315"]
[BlackElo "2236"]
[PlyCount "62"]
[EventDate "2008.07.??"]
[EventType "swiss"]
[EventRounds "9"]
[EventCountry "ESP"]
[SourceDate "2008.07.04"]

1. d4 d5 2. Nf3 c6 3. c4 e6 4. g3 dxc4 5. Bg2 Nd7 6. O-O Ngf6 7. Qc2 b5 8. a4
Bb7 9. Rd1 Qc8 10. Nc3 a6 11. e4 Be7 12. e5 Nd5 13. Bg5 Bf8 14. Ne4 c5 15. h4
Qc6 16. dxc5 Nxc5 17. axb5 axb5 18. Rxa8+ Bxa8 19. Nc3 Qd7 20. Ra1 Bb7 21. h5
h6 22. Bh4 Nb3 23. Rd1 Bb4 24. Ne4 Qc7 25. Bh3 Kd7 26. Nc3 Bxc3 27. bxc3 Rc8
28. Nd2 Nxd2 29. Qxd2 Qxe5 30. Re1 Qxc3 31. Qe2 f5 0-1

[Event "Barbera del Valles"]
[Site "XXXI Open del Valles"]
[Date "2008.07.11"]
[Round "7"]
[White "Guramishvili, Sopiko"]
[Black "Esquivel, Luis"]
[Result "1-0"]
[WhiteElo "2302"]
[BlackElo "2178"]
[PlyCount "69"]
[EventDate "2008.07.??"]
[EventType "swiss"]
[EventRounds "9"]
[EventCountry "ESP"]
[SourceDate "2008.07.04"]

1. Nf3 Nf6 2. c4 e6 3. Nc3 Bb4 4. Qc2 O-O 5. a3 Bxc3 6. Qxc3 d6 7. g3 e5 8. Bg2
Qe7 9. O-O c5 10. e3 e4 11. Ne1 Bf5 12. b3 Nc6 13. Bb2 Ne5 14. f4 Ng6 15. h3 h5
16. Kh2 Qe6 17. d3 Rfe8 18. dxe4 Bxe4 19. Nf3 Qf5 20. Ng5 Bxg2 21. Kxg2 Ne5 22.
e4 Nxe4 23. Nxe4 Qxe4+ 24. Kg1 Qf5 25. fxe5 Qxh3 26. exd6 f6 27. Qf3 Rad8 28.
Rad1 f5 29. Rf2 Rxd6 30. Rdf1 Rg6 31. Rg2 Rg4 32. Qxf5 Re2 33. Qd5+ Kh7 34.
Qd3+ Ree4 35. Re1 1-0

[Event "Barbera del Valles"]
[Site "XXXI Open del Valles"]
[Date "2008.07.11"]
[Round "7"]
[White "Leroy, Christophe"]
[Black "Mestre Bellido, Hector"]
[Result "1-0"]
[WhiteElo "2157"]
[BlackElo "2284"]
[PlyCount "75"]
[EventDate "2008.07.??"]
[EventType "swiss"]
[EventRounds "9"]
[EventCountry "ESP"]
[SourceDate "2008.07.04"]

1. e4 e5 2. f4 exf4 3. Nf3 g5 4. Bc4 Bg7 5. O-O d6 6. c3 Nc6 7. d4 h6 8. a4 Nf6
9. a5 O-O 10. Nbd2 d5 11. exd5 Ne7 12. Ne5 Nfxd5 13. Ne4 Bf5 14. Nc5 b6 15.
Ncd3 Ng6 16. Qf3 Nxe5 17. Nxe5 Ne7 18. axb6 cxb6 19. h4 Bxe5 20. dxe5 Qc7 21.
b3 Bg6 22. Ba3 a6 23. Bd6 Qd7 24. Rxa6 Rxa6 25. Bxa6 Rd8 26. hxg5 hxg5 27. b4
Nf5 28. Rd1 Nh4 29. Qe2 g4 30. Bc4 f3 31. Qe3 fxg2 32. Qh6 Nf3+ 33. Kxg2 Be4
34. Kg3 Qf5 35. Rh1 Nh4 36. Kxh4 Bxh1 37. e6 Qf2+ 38. Bg3 1-0

[Event "Barbera del Valles"]
[Site "XXXI Open del Valles"]
[Date "2008.07.11"]
[Round "7"]
[White "Danelia, Mariam"]
[Black "Canal Oliveras, Joan"]
[Result "0-1"]
[WhiteElo "2185"]
[BlackElo "2241"]
[PlyCount "92"]
[EventDate "2008.07.??"]
[EventType "swiss"]
[EventRounds "9"]
[EventCountry "ESP"]
[SourceDate "2008.07.04"]

1. d4 f5 2. Nc3 d5 3. Bf4 Nf6 4. e3 e6 5. Nf3 Be7 6. Bd3 c6 7. O-O O-O 8. Ne2
Ne4 9. c4 Nd7 10. Ne5 g5 11. Nxd7 Bxd7 12. Be5 Be8 13. f3 Nd6 14. c5 Nf7 15.
Bg3 Bf6 16. Qc2 Nh6 17. Bd6 Be7 18. Bg3 Bg6 19. b4 Qd7 20. a4 Bf6 21. Be5 Qg7
22. f4 Ng4 23. Qc1 Qh6 24. h3 Nxe5 25. dxe5 Be7 26. Ra2 g4 27. hxg4 fxg4 28.
Qc3 Bxd3 29. Qxd3 Rf5 30. Ng3 Rf7 31. Qe2 Bh4 32. Nh1 g3 33. Rf3 Rg7 34. Kf1
Kh8 35. Ke1 Rag8 36. Kd2 Be7 37. Rf1 a5 38. bxa5 Bxc5 39. Rb2 d4 40. e4 Rf7 41.
Qf3 Rgf8 42. Qxg3 Rxf4 43. Rxf4 Rxf4 44. Kd3 Rf1 45. Nf2 Qc1 46. Qh4 Qe3+ 0-1

[Event "Barbera del Valles"]
[Site "XXXI Open del Valles"]
[Date "2008.07.11"]
[Round "7"]
[White "Alonso Moyano, Jonathan"]
[Black "Obon Temprano, Sergi"]
[Result "1/2-1/2"]
[WhiteElo "2372"]
[BlackElo "2211"]
[PlyCount "114"]
[EventDate "2008.07.??"]
[EventType "swiss"]
[EventRounds "9"]
[EventCountry "ESP"]
[SourceDate "2008.07.04"]

1. e4 e6 2. d4 d5 3. Nd2 dxe4 4. Nxe4 Bd7 5. Nf3 Bc6 6. Bd3 Nd7 7. Qe2 Ngf6 8.
Neg5 Bxf3 9. Nxf3 c6 10. Bd2 Be7 11. O-O-O b5 12. c3 Nd5 13. Bb1 Rb8 14. Ne5
Nxe5 15. Qxe5 Bf6 16. Qe4 Qb6 17. g4 b4 18. c4 b3 19. a3 Bxd4 20. Ba5 Qxa5 21.
Rxd4 Qc7 22. f4 Nf6 23. Qf3 O-O 24. g5 c5 25. Rd2 Nd7 26. Qd3 g6 27. Qxd7 Qxf4
28. Qd3 Rfd8 29. Qe2 Rd4 30. Qf2 Qxg5 31. h4 Qh6 32. Rf1 Rb7 33. Qg2 Rbd7 34.
Rff2 Rxh4 35. Be4 Qe3 36. Rfe2 Rxd2 37. Rxe3 Rxg2 38. Bxg2 Rxc4+ 39. Rc3 Rxc3+
40. bxc3 g5 41. Kb2 g4 42. Kxb3 h5 43. Kc4 f5 44. Kxc5 f4 45. Kd4 f3 46. Bh1 f2
47. Bg2 h4 48. Ke3 h3 49. Kxf2 hxg2 50. Kxg2 Kf7 51. Kg3 Kf6 52. Kxg4 Ke5 53.
Kg5 a5 54. a4 Ke4 55. Kf6 Kd5 56. c4+ Kxc4 57. Kxe6 Kb4 1/2-1/2

[Event "Barbera del Valles"]
[Site "XXXI Open del Valles"]
[Date "2008.07.11"]
[Round "7"]
[White "Ryan, Joseph"]
[Black "Leks, Hanna"]
[Result "1-0"]
[WhiteElo "2331"]
[BlackElo "2198"]
[PlyCount "35"]
[EventDate "2008.07.??"]
[EventType "swiss"]
[EventRounds "9"]
[EventCountry "ESP"]
[SourceDate "2008.07.04"]

1. e4 c5 2. Nc3 Nc6 3. Bb5 Nd4 4. Bc4 Nf6 5. Nge2 e6 6. O-O a6 7. d3 d5 8. exd5
exd5 9. Nxd5 Nxd5 10. Nxd4 cxd4 11. Qh5 Be6 12. Re1 Be7 13. Rxe6 Nf6 14. Rxf6
gxf6 15. Qxf7+ Kd7 16. Bf4 Rf8 17. Qd5+ Ke8 18. Qxb7 1-0

[Event "Barbera del Valles"]
[Site "XXXI Open del Valles"]
[Date "2008.07.11"]
[Round "7"]
[White "Avila Jimenez, Javier"]
[Black "Butuc, Maria"]
[Result "1/2-1/2"]
[WhiteElo "2286"]
[BlackElo "2188"]
[PlyCount "130"]
[EventDate "2008.07.??"]
[EventType "swiss"]
[EventRounds "9"]
[EventCountry "ESP"]
[SourceDate "2008.07.04"]

1. d4 d5 2. c4 c6 3. cxd5 cxd5 4. Bf4 Nc6 5. e3 a6 6. Bd3 Nf6 7. Nc3 Bg4 8. f3
Bh5 9. Qb3 Ra7 10. g4 Bg6 11. Bxg6 hxg6 12. g5 Na5 13. Qc2 Nh5 14. Nge2 Nxf4
15. Nxf4 e6 16. h4 Qc7 17. Rc1 Nc6 18. Kf2 Bd6 19. Nce2 Ra8 20. h5 gxh5 21. g6
h4 22. Rcg1 Rh6 23. Rg4 Nb4 24. gxf7+ Kxf7 25. Qb1 Bxf4 26. Rxf4+ Rf6 27. Rxf6+
Kxf6 28. a3 Nc6 29. Rxh4 Rf8 30. Qh7 Rf7 31. Rf4+ Ke7 32. Rxf7+ Kxf7 33. Nf4
Nxd4 34. Qg6+ Kf8 35. Kg3 Ne2+ 36. Kg4 Nxf4 37. exf4 Qf7 38. Qg5 Qf6 39. Qh5 g6
40. Qh6+ Ke7 41. Qh7+ Qf7 42. Qh4+ Qf6 43. Qf2 Kf7 44. Qb6 Qe7 45. b4 Qd7 46.
Kg3 d4 47. Kf2 d3 48. Ke1 d2+ 49. Kd1 Qc6 50. Qxc6 bxc6 51. Kxd2 Kf6 52. Ke3
Kf5 53. a4 e5 54. fxe5 Kxe5 55. f4+ Kd5 56. Kd3 c5 57. b5 axb5 58. axb5 c4+ 59.
Kc3 Kc5 60. b6 Kxb6 61. Kb4 c3 62. Kxc3 Kc5 63. Kd3 Kd5 64. Ke3 Ke6 65. Kf3 g5
1/2-1/2

[Event "Barbera del Valles"]
[Site "XXXI Open del Valles"]
[Date "2008.07.11"]
[Round "7"]
[White "Sadrija, Enver"]
[Black "Palacios Pena, Gerardo"]
[Result "1-0"]
[WhiteElo "2265"]
[BlackElo "2034"]
[PlyCount "113"]
[EventDate "2008.07.??"]
[EventType "swiss"]
[EventRounds "9"]
[EventCountry "ESP"]
[SourceDate "2008.07.04"]

1. d4 d5 2. Nf3 Nf6 3. g3 c6 4. Bg2 Bf5 5. Nbd2 e6 6. O-O h6 7. c4 Be7 8. h3
Nbd7 9. b3 Ne4 10. Bb2 Nxd2 11. Nxd2 Nf6 12. Re1 Bb4 13. a3 Ba5 14. b4 Bc7 15.
Qb3 O-O 16. Rad1 Qb8 17. Rc1 a5 18. Qc3 axb4 19. axb4 Rc8 20. e4 dxe4 21. Nxe4
Bxe4 22. Bxe4 Bd6 23. Bc2 Bf8 24. Re3 Qd6 25. Qd3 g6 26. Rce1 Bg7 27. Rf3 Ra2
28. Qb3 Rca8 29. b5 Nh7 30. Rd3 Qc7 31. Bb1 R2a4 32. d5 cxd5 33. cxd5 exd5 34.
Bxg7 Kxg7 35. Qxd5 Ng5 36. h4 Ne6 37. Rxe6 fxe6 38. Qxe6 Rd8 39. Rxd8 Qxd8 40.
Qxg6+ Kf8 41. Qxh6+ Ke7 42. Qg5+ Kd7 43. Bf5+ Ke8 44. Bg6+ Kd7 45. Qd5+ Ke7 46.
Qf7+ Kd6 47. Qxb7 Ra1+ 48. Kh2 Qa8 49. Qb6+ Ke7 50. Qc7+ Kf6 51. Qf7+ Ke5 52.
Qg7+ Kd6 53. Qd4+ Ke7 54. Qe5+ Kd7 55. Bf5+ Kd8 56. Qd6+ Ke8 57. Bg6# 1-0

[Event "Barbera del Valles"]
[Site "XXXI Open del Valles"]
[Date "2008.07.11"]
[Round "7"]
[White "Pellus Ruiz, Josep"]
[Black "Losada Cabrera, Francisco Javier"]
[Result "1-0"]
[WhiteElo "2219"]
[BlackElo "2165"]
[PlyCount "77"]
[EventDate "2008.07.??"]
[EventType "swiss"]
[EventRounds "9"]
[EventCountry "ESP"]
[SourceDate "2008.07.04"]

1. c4 e5 2. g3 Nf6 3. Bg2 d6 4. Nc3 g6 5. e4 Bg7 6. Nge2 O-O 7. O-O c6 8. d4
Nbd7 9. h3 Qa5 10. Be3 b5 11. cxb5 cxb5 12. b4 Qxb4 13. Rb1 Qc4 14. Nxb5 Ba6
15. Nec3 Rfc8 16. Re1 Qe6 17. Qd2 Nb6 18. d5 Qd7 19. Bxb6 axb6 20. Bf1 h5 21.
Na4 Qd8 22. Qe3 Rab8 23. Na7 Bxf1 24. Rxf1 Qd7 25. Nxc8 Qxh3 26. Ne7+ Kf8 27.
Nxg6+ fxg6 28. Rxb6 Ra8 29. Nc3 Ke7 30. Rb7+ Nd7 31. Rfb1 Rh8 32. Qa7 Rd8 33.
Qe3 Bf6 34. Qf3 h4 35. Nd1 Rh8 36. Qg2 Qg4 37. Ne3 Qe2 38. Qh3 Rd8 39. Qe6+ 1-0

[Event "Barbera del Valles"]
[Site "XXXI Open del Valles"]
[Date "2008.07.11"]
[Round "7"]
[White "Gomez Jurado, Luis Alberto"]
[Black "Chalmeta Ugas, Ramon"]
[Result "0-1"]
[WhiteElo "2299"]
[BlackElo "2175"]
[PlyCount "70"]
[EventDate "2008.07.??"]
[EventType "swiss"]
[EventRounds "9"]
[EventCountry "ESP"]
[SourceDate "2008.07.04"]

1. d4 Nf6 2. Nf3 g6 3. c4 Bg7 4. Nc3 d5 5. cxd5 Nxd5 6. e4 Nxc3 7. bxc3 c5 8.
Bb5+ Bd7 9. Be2 Nc6 10. O-O cxd4 11. cxd4 Bg4 12. Rb1 O-O 13. d5 Na5 14. Bg5
Rc8 15. Qd2 b6 16. Ba6 Rc5 17. Nd4 Bc8 18. Bxc8 Rxc8 19. Nb5 Qd7 20. Rfd1 Rc4
21. Qe3 Rc5 22. a4 Nc4 23. Qg3 Rfc8 24. h3 Nb2 25. Rf1 Nxa4 26. Qa3 Nb2 27.
Nxa7 Nc4 28. Nxc8 Nxa3 29. Nxe7+ Kh8 30. Rxb6 h6 31. Be3 Rb5 32. Rxb5 Nxb5 33.
Nc6 Nc3 34. f3 f5 35. Bd4 Ne2+ 0-1

[Event "Barbera del Valles"]
[Site "XXXI Open del Valles"]
[Date "2008.07.11"]
[Round "7"]
[White "Sanchez Romero, Miguel Angel"]
[Black "Ridameya Tatche, Jose Miguel"]
[Result "1/2-1/2"]
[WhiteElo "2259"]
[BlackElo "2133"]
[PlyCount "93"]
[EventDate "2008.07.??"]
[EventType "swiss"]
[EventRounds "9"]
[EventCountry "ESP"]
[SourceDate "2008.07.04"]

1. e4 e5 2. Nf3 Nc6 3. Bb5 a6 4. Bxc6 dxc6 5. O-O Bg4 6. h3 h5 7. d3 Qf6 8. Be3
Bxf3 9. Qxf3 Qxf3 10. gxf3 Bd6 11. Nd2 Ne7 12. Nc4 Ng6 13. Rfb1 O-O-O 14. b4
Nh4 15. Nxd6+ cxd6 16. f4 f5 17. fxe5 dxe5 18. a4 fxe4 19. b5 exd3 20. cxd3
Nf3+ 21. Kg2 Nd4 22. bxa6 bxa6 23. Rb6 Kc7 24. Bxd4 Rxd4 25. Rxa6 Rb8 26. Rc1
Rb6 27. Ra7+ Rb7 28. Rxb7+ Kxb7 29. Rc5 Rxd3 30. Rxe5 Rd4 31. Rxh5 Rxa4 32. Rg5
Kb6 33. Rxg7 c5 34. Rg8 c4 35. h4 Kb5 36. Rb8+ Kc5 37. h5 Ra6 38. Rc8+ Kd4 39.
Kg3 c3 40. Kg4 Kd3 41. f4 c2 42. Kg5 Ra1 43. h6 Rg1+ 44. Kf6 c1=Q 45. Rxc1 Rxc1
46. h7 Rh1 47. Kg7 1/2-1/2

[Event "Barbera del Valles"]
[Site "XXXI Open del Valles"]
[Date "2008.07.11"]
[Round "7"]
[White "Costa Trave, Jaume"]
[Black "Villa Izquierdo, Roberto"]
[Result "0-1"]
[WhiteElo "2027"]
[BlackElo "2161"]
[PlyCount "84"]
[EventDate "2008.07.??"]
[EventType "swiss"]
[EventRounds "9"]
[EventCountry "ESP"]
[SourceDate "2008.07.04"]

1. d4 Nf6 2. Nc3 c5 3. d5 e5 4. dxe6 fxe6 5. Bg5 d5 6. e4 d4 7. Nb5 Qa5+ 8. Bd2
Qd8 9. e5 Nd5 10. Bd3 g6 11. Nf3 a6 12. Na3 Nc6 13. O-O Bg7 14. Qe2 b5 15. c4
dxc3 16. bxc3 c4 17. Be4 O-O 18. Rad1 Qa5 19. Nc2 Bb7 20. Nb4 Ncxb4 21. cxb4
Qb6 22. a3 Rad8 23. Bg5 Rd7 24. Qc2 Rdf7 25. h4 Nf4 26. Rd6 Qc7 27. Rfd1 Bd5
28. Bxf4 Bxe4 29. Qxe4 Rxf4 30. Qe3 c3 31. Rc1 c2 32. Rxa6 Qc4 33. Qd2 Rc8 34.
Ra7 Rf7 35. Rxf7 Kxf7 36. Qd7+ Kg8 37. Ng5 h6 38. Nxe6 Bxe5 39. Nc5 Ra8 40. Qc6
Rxa3 41. Qxg6+ Bg7 42. Qxc2 Rc3 0-1

[Event "Barbera del Valles"]
[Site "XXXI Open del Valles"]
[Date "2008.07.11"]
[Round "7"]
[White "Albets Armengol, Roland"]
[Black "Vigo Allepuz, David"]
[Result "0-1"]
[WhiteElo "1979"]
[BlackElo "2156"]
[PlyCount "108"]
[EventDate "2008.07.??"]
[EventType "swiss"]
[EventRounds "9"]
[EventCountry "ESP"]
[SourceDate "2008.07.04"]

1. d4 e6 2. c4 f5 3. Nf3 Nf6 4. Nc3 d5 5. cxd5 exd5 6. Bg5 c6 7. e3 Bd6 8. Ne5
O-O 9. Bd3 Qe8 10. Bxf6 Rxf6 11. f4 Nd7 12. Rc1 Rf8 13. O-O Nf6 14. Na4 Kh8 15.
Rf3 Ne4 16. Bxe4 fxe4 17. Rf1 Be6 18. Nc5 Rb8 19. Qa4 a6 20. Qb3 g5 21. Nxe6
Qxe6 22. fxg5 Bxe5 23. dxe5 Qxe5 24. Qc3 Qxc3 25. bxc3 Kg7 26. Rxf8 Rxf8 27. c4
Rf5 28. h4 Kg6 29. c5 Kh5 30. Rb1 Kxh4 31. Rxb7 Kxg5 32. Rb6 d4 33. exd4 e3 34.
Rb2 Kf4 35. Kf1 Ke4+ 36. Ke1 Rf2 37. Rxf2 exf2+ 38. Kxf2 Kxd4 39. Ke2 Kxc5 40.
Kd3 Kb4 41. Kd4 c5+ 42. Kd3 a5 43. Kc2 c4 44. Kb2 c3+ 45. Kc2 Kc4 46. g4 h6 47.
Kc1 Kd3 48. Kd1 a4 49. a3 Ke4 50. Kc2 Kd4 51. Kc1 Kc5 52. Kb1 Kd4 53. Kc1 Ke4
54. Kc2 Kf4 0-1